Historia del urbanismo: el siglo XX
Gespeichert in:
| 1. Verfasser: | |
|---|---|
| Format: | Buch |
| Sprache: | Spanisch |
| Veröffentlicht: |
Madrid
Instituto de Estudios de Administración Local
1981
|
| Ausgabe: | 1a. ed |
| Schlagworte: | |
| Tags: |
Tag hinzufügen
Keine Tags, Fügen Sie den ersten Tag hinzu!
|
MARC
| LEADER | 00000cam a2200000 a 4500 | ||
|---|---|---|---|
| 001 | UCC1667 | ||
| 003 | CL-VaPUC | ||
| 008 | 171117e19810000sp |||||||||||||||||spa|d | ||
| 020 | |a 8470882759 | ||
| 082 | 0 | 4 | |a 711.409 |b SIC |2 21 |
| 100 | 0 | |a Sica, Paolo |e author |9 595714 | |
| 245 | 1 | 0 | |a Historia del urbanismo: el siglo XX |
| 250 | |a 1a. ed | ||
| 300 | |a 768 p | ||
| 942 | |c BK | ||
| 945 | |d 20171117 16:06:00 |a dcastane | ||
| 260 | |a Madrid |b Instituto de Estudios de Administración Local |c 1981 | ||
| 650 | 0 | |a Urbanismo |9 255208 | |
| 650 | 0 | |a Planificación urbana |9 258176 | |
| 650 | 0 | |a Historia de la arquitectura |9 266241 | |
| 583 | |a last modification |c 20171117 16:06:00 |k Rodrigo Vera | ||
| 999 | |c 370066 |d 370064 | ||
| 952 | |0 0 |1 0 |3 erd |4 0 |6 711_409000000000000_SIC_1981 |7 0 |8 P |9 486357 |a BIBARQ |b BIBARQ |i 543730K |o 711.409 SIC 1981 |p 543730K |r 2025-01-20 |w 2019-11-24 |y BK |z Catalogado en:20171117 |k ARQ | ||